Cerveza para dummies /

সংরক্ষণ করুন:
গ্রন্থ-পঞ্জীর বিবরন
প্রধান লেখক: Nachel, Marty (autor.)
অন্যান্য লেখক: Ettlinger, Steve (autor.)
বিন্যাস: বৈদ্যুতিন গ্রন্থ
ভাষা:স্প্যানিশ
ইংরেজি
প্রকাশিত: Barcelona : Centro Libros PAPF, 2019.
মালা:Para dummies.
বিষয়গুলি:
অনলাইন ব্যবহার করুন:https://elibro.unach.elogim.com/es/lc/unach/titulos/291012
ট্যাগগুলো: ট্যাগ যুক্ত করুন
কোনো ট্যাগ নেই, প্রথমজন হিসাবে ট্যাগ করুন!

MARC

LEADER 00000nam a2200000 i 4500
001 ELB291012
003 FINmELB
005 251215043120.0
006 m o u
007 cr cn|||||||||
008 251212s2019 sp o 001 0 spa d
020 |a 9788432905230  |q (epub) 
035 |a (OCoLC)1564683736 
040 |a FINmELB  |b spa  |e rda  |c FINmELB 
041 1 |a spa  |h eng 
050 4 |a TP570  |b .N334 2019 
080 |a 663.4 
082 0 4 |a 663.4  |2 23 
100 1 |a Nachel, Marty,  |e autor. 
240 1 0 |a Beer for dummies.  |l Español 
245 1 0 |a Cerveza para dummies /  |c Marty Nachel y Steve Ettlinger ; revisado y adaptado Aitor Labrador. 
264 1 |a Barcelona :  |b Centro Libros PAPF,  |c 2019. 
300 |a 1 recurso en línea 
336 |a texto  |b txt  |2 rdacontent/spa 
337 |a computadora  |b c  |2 rdamedia/spa 
338 |a recurso en línea  |b cr  |2 rdacarrier/spa 
490 1 |a Para dummies 
500 |a Recetas originales del libro: Beer for dummies / Candy Schermerhorn. 
500 |a "Con dummies es mas fácil"--Cubierta. 
500 |a Incluye índice. 
588 |a Descripción basada en metadatos suministrados por el editor y otras fuentes. 
590 |a Recurso electrónico. Santa Fe, Arg.: elibro, 2025. Disponible vía World Wide Web. El acceso puede estar limitado para las bibliotecas afiliadas a elibro. 
650 4 |a Cerveza. 
655 4 |a Libros electrónicos. 
700 1 |a Ettlinger, Steve,  |e autor. 
797 2 |a elibro, Corp. 
830 0 |a Para dummies. 
856 4 0 |u https://elibro.unach.elogim.com/es/lc/unach/titulos/291012